书目信息 |
| 题名: |
卖场顾问式销售
|
|
| 作者: | 祝文欣 主编 | |
| 分册: | ||
| 出版信息: | 北京 中国发展出版社 2008.11 |
|
| 页数: | 206页 | |
| 开本: | 23cm | |
| 丛书名: | 疯狂卖手系列丛书 | |
| 单 册: | ||
| 中图分类: | F713.3 | |
| 科图分类: | ||
| 主题词: | 销售学--xiao shou xue | |
| 电子资源: | ||
| ISBN: | 978-7-80234-281-1 | |
| 000 | 00870nam 2200253 450 | |
| 001 | 012009040411 | |
| 005 | 20090621155153.09 | |
| 010 | @a978-7-80234-281-1@dCNY30.00 | |
| 100 | @a20090621d2008 em y0chiy0120 ea | |
| 101 | 0 | @achi |
| 102 | @aCN@b110000 | |
| 105 | @ak z 000yy | |
| 106 | @ar | |
| 200 | 1 | @a卖场顾问式销售@Amai chang gu wen shi xiao shou@f祝文欣主编@Fzhu wen xin zhu bian |
| 210 | @a北京@c中国发展出版社@d2008.11 | |
| 215 | @a206页@d23cm | |
| 225 | 2 | @a疯狂卖手系列丛书@Afeng kuang mai shou xi lie cong shu |
| 330 | @a本书主要内容包括:认知顾问式销售,顾问式销售与传统销售的区别,如何做好顾问式销售店铺销售,顾问式销售中的注意问题等。 | |
| 410 | 0 | @12001 @a疯狂卖手系列丛书 |
| 606 | 0 | @a销售学@Axiao shou xue |
| 690 | @aF713.3@v4 | |
| 701 | 0 | @a祝文欣@Azhu wen xin@4主编 |
| 801 | 0 | @aCN@bQSSK@c20090621 |
| 905 | @b745430-32@dF713.3@eZ917@f3 | |
| 卖场顾问式销售/祝文欣主编.-北京:中国发展出版社,2008.11 |
| 206页;23cm.-(疯狂卖手系列丛书) |
| ISBN 978-7-80234-281-1:CNY30.00 |
| 本书主要内容包括:认知顾问式销售,顾问式销售与传统销售的区别,如何做好顾问式销售店铺销售,顾问式销售中的注意问题等。 |
| ● |
| 相关链接 |
|
|
|
正题名:卖场顾问式销售
索取号:F713.3/Z917
 
预约/预借
| 序号 | 登录号 | 条形码 | 馆藏地/架位号 | 状态 | 备注 |
| 1 | 745430 | 207454306 | 社科库409/409社科库 41排4列2层/ [索取号:F713.3/Z917] | 在馆 | |
| 2 | 745431 | 207454315 | 社科二线422/409社科库 41排4列2层/ [索取号:F713.3/Z917] | 在馆 | |
| 3 | 745432 | 207454324 | 社科库409/409社科库 41排4列2层/ [索取号:F713.3/Z917] | 在馆 |